000 01024nam a22003015i 4500
001 176190
003 ES-MaACL
005 20230906220021.0
008 101222s1979 sp |||| | spa d
020 _a84-345-1782-5
080 _a616.155.3
080 _a616.15
245 0 0 _aLeucemia aguda /
_cdirector, Joseph V. Simone ; consejo editorial H. G. Lasch... [et al.] ; [traducción del inglés a cargo de Marcelo Corominas].
260 _aBarcelona [etc.] :
_bSalvat,
_cD. L. 1979.
300 _aVI, 210 p. :
_bil. bl. y n. ;
_c25 cm.
490 1 _aClínica hematológica ;
_v6/2
500 _aÍndice.
504 _aBibliografía.
594 _aTít. original: Acute leukaemia.
650 0 4 _aLeucemia.
_9144484
650 4 _aHematología.
_913300
700 1 _aSimone, Joseph V.
_9144483
700 1 _aLasch, Hans-Gotthard.
_9144469
700 1 _aCorominas, Marcelo.
_9144475
830 0 _aClínica hematológica ;
_v6/2
_9187616
852 _aES-MaACL
_jE-13867
_xOlim P-372
999 _c176190
_d176190